LEADER 01272nam a2200313 a 4500 001 000000013058 003 CaOOAMICUS 005 20111006105414.0 008 940517s1964 fr u000 u fre r 035 $a10313430 040 $aPUL$bita 082 04$a220 100 1 $aBarucq, André.$0(OLS)http://pul/name/12340 245 13$aLe livre des Proverbes /$cpar André Barucq. 260 $aParis :$bJ. Gabalda,$c1964. 300 $a265 p. ;$c24 cm 490 1 $aSources bibliques 500 $aComprende indici. 630 04$aBiblia.$pV.T.$pProverbia$xCommenti.$0(OLS)http://pul/subject/634 730 01$aBiblia.$pV.T.$pProverbia.$lFrancese.$f1964.$0(OLS)http://pul/title/18865 830 0$aSources bibliques.$0(OLS)http://pul/title/18864 850 $aPUL 852 $aPUL$W1$xDP2 Religione 3$y114$m220 COLL 1.1B$j18421$nBK-PRI$b2. copia$qDDC 21$B18421$CPULBib$Z2$F18421 $H25084 $81 852 $aPUL$W1$xSL Religione 3$y85$m220 COLL 1.1$j146228$qDDC 21$B144903$CPULBib$Z2$F144903 $82 941 1 $a9 961 $aINV: 25084. 996 $6082$a220$9(OLS)http://pul/classification/523 996 $6245$aLe livre des Proverbes$9(OLS)http://pul/title/18863 996 $6260$aParis :$bJ. Gabalda$9(OLS)http://pul/publisher/48260 LEADER 01071nam a2200265 a 4500 001 000000133440 003 CaOOAMICUS 005 20130409121347.0 008 130409s2012 it b u000 u ita r 020 $a978-88-87567-17-5 040 $aPUL$bita 082 04$a323.44 245 00$aLibertà religiosa nel mondo :$brapporto 2012. 260 $aRoma :$bAiuto alla Chiesa che soffre,$c2012. 300 $a515 p. :$bc. geogr. ;$c24 cm 504 $aBibliografia in nota. 650 4$aLibertà religiosa$vDocumenti$y2012.$0(OLS)http://pul/subject/39502 850 $aPUL 852 $aPUL$W1$xSL Diritto e Scienze Sociali 3$y79$m323. 44 ACS 1$j153355$qDDC 21$B152915$CPULBib$Z2$F152915 $H122067 $82 941 1 $a9 996 $6020$a978-88-87567-17-5$9(OLS)http://pul/number/152327 996 $6082$a323.44$9(OLS)http://pul/classification/675 996 $6245$aLibertà religiosa nel mondo :$brapporto 2012$9(OLS)http://pul/title/168631 996 $6260$aRoma :$bAiuto alla Chiesa che soffre$9(OLS)http://pul/publisher/79343